000 00590nam a22001817a 4500
005 20251108165500.0
008 250721s1980 xx 000 0 ara d
082 1 4 _aم/411.609/فوز
100 1 _aعفيفي، فوزي سالم
245 1 0 _aنشأة و تطور الكتابة الخطية العربية و دورها الثقافي و الإجتماعي /
264 1 _aالكويت :
_bوكالة المطبوعات،
_c1980.
300 _a486ص
650 1 7 _aاللغة العربية
650 1 7 _aالخط
650 1 7 _aالتاريخ
942 _2ddc
_cREF
999 _c28963
_d28963